| 000 | 01245nam2a22002531 4500 | ||
|---|---|---|---|
| 001 | RU\NLR\INFOCOMM21\5000044281 | ||
| 005 | 20250617025233.0 | ||
| 035 | _a(NLR Aleph) 002394802 | ||
| 090 |
_a4641556 _c4641556 |
||
| 100 | _a20050120d1980 |||y0rusy50 ca | ||
| 101 | 0 | _arus | |
| 102 | _aRU | ||
| 105 | _ay ||||000|y | ||
| 200 | 1 |
_aСовременные тенденции в производстве фарфоровых масс и глазурей скоростного обжига _fВ.В. Коробкина |
|
| 210 |
_d1980 _aБ. м. |
||
| 461 | 0 |
_1001RU\NLR\INFOCOMM21\5000044224 _12001#$aФарфорово-фаянсовая промышленность$eОбзорная информ.$fЦНИИ информ. и техн. экон. исслед. лег. пром-сти$v1980, Вып.1 _94641497 _cМ. _d1977- _fЦНИИ информ. и техн. экон. исслед. лег. пром-сти _oОбзорная информ. _tФарфорово-фаянсовая промышленность _x0207-3857 _v1980, Вып.1 |
|
| 700 | 1 |
_aКоробкина _bВ.В. _4070 |
|
| 801 | 1 |
_aRU _bInfoComm _c20050120 |
|
| 801 | 0 |
_aRU _bNLR _gPSBO |
|
| 852 |
_aNLR _jП10/5407 |
||
| 942 | _cISSUE | ||
| 980 | _aNB | ||
| 980 | _aRUSPER | ||